000 00452pab a2200169 454500
008 180718b2014 xxu||||| |||| 00| 0 eng d
100 _aVerma, A.K.
245 _aDevelopment and governance trump caste identities in Uttar Pradesh
260 _c2014
300 _ap.89-94.
362 _a27 Sep
650 _aElections - India - Uttar Pradesh
650 _aElections
773 _aEconomic and Political Weekly
908 _aN
909 _a105517
999 _c105512
_d105512